España desconocida (Registro nro. 164881)
[ vista simple ]
| 000 -CABECERA | |
|---|---|
| campo de control de longitud fija | 00617nam a2200205 4500 |
| 001 - NÚMERO DE CONTROL | |
| campo de control | 164881 |
| 003 - IDENTIFICADOR DEL NÚMERO DE CONTROL | |
| campo de control | ES-MaBCM |
| 005 - FECHA Y HORA DE LA ÚLTIMA TRANSACCIÓN | |
| campo de control | 20241016190816.0 |
| 008 - CÓDIGOS DE INFORMACIÓN DE LONGITUD FIJA | |
| campo de control de longitud fija | 081204s1967 espa spa d |
| 017 ## - NÚMERO DE COPYRIGHT O DE DEPÓSITO LEGAL | |
| Depósito legal | M.21113-1967 |
| 021 ## - | |
| -- | xx |
| 035 ## - NÚMERO DE CONTROL DEL SISTEMA | |
| Número de control de sistema | (OCoLC)1365126321 |
| 040 ## - FUENTE DE LA CATALOGACIÓN | |
| Centro transcriptor | ES-MaBCM |
| 100 1# - PUNTO DE ACCESO PRINCIPAL - NOMBRE DE PERSONA | |
| Nombre de persona | López Méndez, Harold |
| 9 (RLIN) | 86181 |
| 245 10 - MENCIÓN DE TÍTULO | |
| Título | España desconocida |
| Resto del título | : la Alpujarra, rincón misterioso |
| Mención de responsabilidad etc. | [Harold López Méndez] |
| 260 ## - PUBLICACIÓN, DISTRIBUCIÓN, ETC. (PIE DE IMPRENTA) | |
| Lugar de publicación distribución etc. | [Madrid : |
| Nombre del editor distribuidor etc. | s.n.], |
| Fecha de publicación distribución etc. | D.L. 1967 |
| 300 ## - DESCRIPCIÓN FÍSICA | |
| Extensión | [12] p. |
| Otras características físicas | il. |
| Dimensiones | 23 cm |
| 490 0# - MENCIÓN DE SERIE | |
| Mención de serie | Publicaciones Españolas. Cuadernos de Arte. Serie Divulgación |
| -- | 112362 |
| 942 ## - ELEMENTOS DE PUNTO DE ACCESO ADICIONAL (KOHA) | |
| Tipo de ítem Koha | Libros |
| Estado de retiro | Estado de pérdida | Fuente del sistema de clasificación o colocación | Estado dañado | No para préstamo | Localización permanente | Ubicación/localización actual | Ubicación en estantería | Fecha de adquisición | Número de inventario | Número de registro | Total de préstamos | Signatura topográfica completa | Código de barras | Precio válido a partir de | Tipo de ítem Koha |
|---|---|---|---|---|---|---|---|---|---|---|---|---|---|---|---|
| Biblioteca Central del Ministerio de la Presidencia | Biblioteca Central del Ministerio de la Presidencia | Sala | 04/12/2008 | 71042 | 71042 | C.144/20 | 1059729 | 04/12/2008 | Libros |
